Introductions to Nietzsche /

Friedrich Nietzsche (1844-1900) is one of the most important philosophers of the last two hundred years, whose writings, both published and unpublished, have had a formative influence on virtually all aspects of modern culture. This volume offers introductory essays on all of Nietzsche's comple...

Full description

Bibliographic Details
Other Authors: Pippin, Robert B., 1948- (Editor)
Format: Book
Language:English
Published: Cambridge ; New York : Cambridge University Press, 2012.
Subjects:

MARC

Tag First Indicator Second Indicator Subfields
LEADER 00000cam a2200000 i 4500
001 in00002781275
005 20151202171325.0
008 111212s2012 enk b 001 0 eng
010 |a  2011050264 
020 |a 9781107007741 (hardback) 
020 |a 1107007747 (hardback) 
020 |a 9780521189910 (paperback) 
020 |a 0521189918 (paperback) 
035 |a (OCoLC)ocn757147653 
040 |a DLC  |e rda  |c DLC  |d UtOrBLW 
049 |a TXAM 
050 0 0 |a B3317  |b .I67 2012 
082 0 0 |a 193  |2 23 
245 0 0 |a Introductions to Nietzsche /  |c edited by Robert B. Pippin. 
264 1 |a Cambridge ;  |a New York :  |b Cambridge University Press,  |c 2012. 
300 |a x, 292 pages ;  |c 24 cm. 
336 |a text  |b txt  |2 rdacontent 
337 |a unmediated  |b n  |2 rdamedia 
338 |a volume  |b nc  |2 rdacarrier 
504 |a Includes bibliographical references (pages 264-286) and index. 
505 0 |a Introduction Robert Pippin; 1. Nietzsche: writings from the early notebooks -- Alexander Nehamas; 2. Nietzsche: The Birth of Tragedy -- Raymond Geuss; 3. Nietzsche: Untimely Meditations -- Daniel Breazeale; 4. Nietzsche: Human, All Too Human -- Richard Schacht; 5. Nietzsche: Daybreak -- Maudemarie Clark and Brian Leiter; 6. Nietzsche: The Gay Science -- Bernard Williams; 7. Nietzsche: Thus Spoke Zarathustra -- Robert Pippin; 8. Nietzsche: Beyond Good and Evil -- Rolf-Peter Horstmann; 9. Nietzsche: On the Genealogy of Morality -- Keith Ansell-Pearson; 10. Nietzsche: The Anti-Christ, Ecce Homo, Twilight of the Idols -- Aaron Ridley; 11. Nietzsche: writings from the late notebooks -- Rüdiger Bittner; Select bibliography. 
520 |a Friedrich Nietzsche (1844-1900) is one of the most important philosophers of the last two hundred years, whose writings, both published and unpublished, have had a formative influence on virtually all aspects of modern culture. This volume offers introductory essays on all of Nietzsche's completed works and also his unpublished notebooks. The essays address such topics as his criticism of morality and Christianity, his doctrines of the will to power and the eternal recurrence, his perspectivism, his theories of tragedy and nihilism and his thoughts on ancient and modern culture. Written by internationally recognized scholars, they provide the interested reader with an up-to-date and authoritative overview of the thought of this fascinating figure. 
600 1 0 |a Nietzsche, Friedrich Wilhelm,  |d 1844-1900. 
650 7 |a PHILOSOPHY / History & Surveys / Modern.  |2 bisacsh 
700 1 |a Pippin, Robert B.,  |d 1948-  |e editor. 
945 |a PromptCat  |b 916777 
946 |a stk 
947 |a A14835904977 
949 |a updated  |c 2012/6/20  |e dmitchel  |f 12:30:20 pm 
994 |a 92  |b TXA 
999 |a MARS 
999 f f |s 2b85b906-cffe-3937-a4dd-fc52eebda818  |i 4ef1e7d7-f929-3076-b8eb-af2bf504803d  |t 0 
952 f f |p normal  |a Texas A&M University  |b College Station  |c Sterling C. Evans Library  |d Evans: Library Stacks  |t 0  |e B3317 .I67 2012  |h Library of Congress classification  |i unmediated -- volume  |m A14835904977 
998 f f |a B3317 .I67 2012  |t 0  |l Evans: Library Stacks